LEADER 04912nam 22009015 450 001 9910416128003321 005 20230719112228.0 010 $a3-030-37472-6 024 7 $a10.1007/978-3-030-37472-3 035 $a(CKB)4100000011372899 035 $a(DE-He213)978-3-030-37472-3 035 $a(MiAaPQ)EBC6285993 035 $a(Au-PeEL)EBL6285993 035 $a(OCoLC)1197565097 035 $a(PPN)250216108 035 $a(MiAaPQ)EBC31093842 035 $a(Au-PeEL)EBL31093842 035 $a(EXLCZ)994100000011372899 100 $a20200807d2020 u| 0 101 0 $aeng 135 $aurnn#008mamaa 181 $ctxt$2rdacontent 182 $cc$2rdamedia 183 $acr$2rdacarrier 200 10$aArctic Sea Ice Ecology $eSeasonal Dynamics in Algal and Bacterial Productivity /$fby Lars Chresten Lund-Hansen, Dorte Haubjerg  Søgaard, Brian Keith Sorrell, Rolf Gradinger, Klaus Martin Meiners 205 $a1st ed. 2020. 210 1$aCham :$cSpringer International Publishing :$cImprint: Springer,$d2020. 215 $a1 online resource (XIV, 178 p. 130 illus., 103 illus. in color.) 225 1 $aSpringer Polar Sciences,$x2510-0475 311 $a3-030-37471-8 327 $aChapter 1. The Book, and Ecology of Sea Ice -- Chapter 2. Autumn, Development and Consolidation of Sea Ice -- Chapter 3. Winter, Cold and Mature Sea Ice -- Chapter 4. Spring, Summer and Melting Sea Ice -- Chapter 5. Sea Ice in a Climate Change Context -- Chapter 6. Methods and Techniques in Sea Ice Ecology. 330 $aThe book on sea ice ecology is the ecology of sea ice algae and other microorganism as bacteria, meiofauna, and viruses residing inside or at the bottom of the sea ice, called the sympagic biota. Organisms as seals, fish, birds, and Polar bears relies on sea ice but are not part of this biota. A distinct feature of this ecosystem, is the disappearance (melt) every summer and re-establishing in autumn and winter. The book is organized seasonally describing the physical, optical, biological, and geochemical conditions typical of the seasons: autumn, winter, and spring. These are exemplified with case studies based on author?s fieldwork in Greenland, the Arctic Ocean, and Antarctica but focused on Arctic conditions. The sea ice ecosystem is described in the context of climate change, interests, and effects of a decreasing summer ice extent in the Arctic Ocean. The book contains an up to date description of most relevant methods and techniques applied in sea ice ecology research. This book will appeal to university students at Masters or PhD levels reading biology, geosciences, and chemistry. 410 0$aSpringer Polar Sciences,$x2510-0475 606 $aPolar regions 606 $aAquatic ecology  606 $aOceanography 606 $aClimate change 606 $aConservation biology 606 $aEcology  606 $aGeoecology 606 $aEnvironmental geology 606 $aPolar Geography$3https://scigraph.springernature.com/ontologies/product-market-codes/J16020 606 $aFreshwater & Marine Ecology$3https://scigraph.springernature.com/ontologies/product-market-codes/L19066 606 $aOceanography$3https://scigraph.springernature.com/ontologies/product-market-codes/G25005 606 $aClimate Change$3https://scigraph.springernature.com/ontologies/product-market-codes/U12007 606 $aConservation Biology/Ecology$3https://scigraph.springernature.com/ontologies/product-market-codes/L19150 606 $aGeoecology/Natural Processes$3https://scigraph.springernature.com/ontologies/product-market-codes/U21006 606 $aEcologia marina$2thub 607 $aRegions polars$2thub 608 $aLlibres electrònics$2thub 615 0$aPolar regions. 615 0$aAquatic ecology . 615 0$aOceanography. 615 0$aClimate change. 615 0$aConservation biology. 615 0$aEcology . 615 0$aGeoecology. 615 0$aEnvironmental geology. 615 14$aPolar Geography. 615 24$aFreshwater & Marine Ecology. 615 24$aOceanography. 615 24$aClimate Change. 615 24$aConservation Biology/Ecology. 615 24$aGeoecology/Natural Processes. 615 7$aEcologia marina 676 $a919.8 700 $aLund-Hansen$b Lars Chresten$4aut$4http://id.loc.gov/vocabulary/relators/aut$0853399 702 $aSøgaard$b Dorte Haubjerg $4aut$4http://id.loc.gov/vocabulary/relators/aut 702 $aSorrell$b Brian Keith$4aut$4http://id.loc.gov/vocabulary/relators/aut 702 $aGradinger$b Rolf$4aut$4http://id.loc.gov/vocabulary/relators/aut 702 $aMeiners$b Klaus Martin$4aut$4http://id.loc.gov/vocabulary/relators/aut 801 0$bMiAaPQ 801 1$bMiAaPQ 801 2$bMiAaPQ 906 $aBOOK 912 $a9910416128003321 996 $aArctic Sea Ice Ecology$91905550 997 $aUNINA LEADER 02022nas 2200637-- 450 001 9910347860203321 005 20241117213015.0 035 $a(CKB)110978977282776 035 $a(CONSER)---63052508- 035 $a(EXLCZ)99110978977282776 100 $a20790713a19589999 --- a 101 0 $aeng 181 $ctxt$2rdacontent 182 $cc$2rdamedia 183 $acr$2rdacarrier 200 04$aThe Private library 210 $a[Pinner, Eng., etc.]$c[Private Libraries Association] 215 $a1 online resource 300 $aRefereed/Peer-reviewed 311 08$aPrint version: The Private library. (DLC) 63052508 (DLC)sn 79008098 (OCoLC)5167875 0032-8898 531 $aPRIVATE LIBRARY 531 0 $aPriv. Libr. 606 $aPrivate libraries$vPeriodicals 606 $aBibliography$vPeriodicals 606 $aBibliographies as Topic 606 $aBibliothèques privées$vPériodiques 606 $aBibliographie$vPériodiques 606 $aBibliographie 606 $abibliographies$2aat 606 $aBibliography$2fast$3(OCoLC)fst00831351 606 $aPrivate libraries$2fast$3(OCoLC)fst01077516 608 $aPeriodical. 608 $arare books.$2aat 608 $aperiodicals.$2aat 608 $aPeriodicals.$2fast 608 $aWood engravings$y1977.$2gmgpc 608 $aPeriodicals.$2lcgft 608 $aPeriodicals.$2rbgenr 608 $aPrivate press books (Printing)$2rbmscv 608 $aPrivate press books (Printing)$2rbpri 608 $aPériodiques.$2rvmgf 615 0$aPrivate libraries 615 0$aBibliography 615 2$aBibliographies as Topic. 615 6$aBibliothèques privées 615 6$aBibliographie 615 6$aBibliographie. 615 7$abibliographies. 615 7$aBibliography. 615 7$aPrivate libraries. 712 02$aPrivate Libraries Association, 906 $aJOURNAL 912 $a9910347860203321 920 $aexl_impl conversion 996 $aThe Private library$92081932 997 $aUNINA